000 00557nam a2200205 i 4500
001 bg
100 1 _aCHOMCZYK, Piotr
245 0 _aDeskowania i rusztowania /
_cPiotr Chomczyk, Maksymilian Szuścik.
260 _aWarszawa :
_bCOIB,
_c1977.
490 1 _aProblematyka Budownictwa ;
_vnr 97
650 9 _aRusztowania
650 9 _aKonstrukcje budowlane
700 1 _aSZUŚCIK, Maksymilian
830 _aProblematyka Budownictwa ;
040 _cBPK
041 _apol
080 _a69.057
942 _cKS
008 s pl f |000 0 pol
999 _c17335
_d17335
856 _uhttp://koha.tu.koszalin.pl/cgi-bin/koha/opac-detail.pl?biblionumber=17335
_yKatalog online BPK